[Event "Challenge"]
[Site "http://www.queenalice.com/game.php?id=1631441"]
[Date "2020.10.31"]
[Round "-"]
[White "DanielAlvesGarciaSantosSilva"]
[Black "BOY2020"]
[Result "0-1"]
[WhiteElo "1965"]
[BlackElo "1808"]

1. d4 Nf6 2. f3 e6 3. Bf4 d5 4. e3 Bd6 5. Ne2 Nh5 6. Bxd6 Qxd6 7. Nbc3 a6 8. g4
Nf6 9. a3 c5 10. Na4 cxd4 11. Qxd4 b5 12. Nc5 Nc6 13. Qc3 Rb8 14. b4 Ne5 15. Bg2
Nc4 16. Rd1 Bb7 17. e4 O-O 18. Bf1 Rfd8 19. Nb3 Qc7 20. exd5 Nxd5 21. Qa1 Nde3
22. Rxd8+ Qxd8 23. Ned4 e5 24. Bxc4 bxc4 25. Kf2 cxb3 26. Nxb3 Nxg4+ 27. Kg3 Qg5
28. Rg1 Qf4+ 29. Kh4 g5+ 0-1

[Event "Challenge"]
[Site "http://www.queenalice.com/game.php?id=1631442"]
[Date "2020.10.31"]
[Round "-"]
[White "DanielAlvesGarciaSantosSilva"]
[Black "Scaracioli"]
[Result "1-0"]
[WhiteElo "1910"]
[BlackElo "1656"]

1. d4 d5 2. Bf4 Nc6 3. e3 g6 4. f3 h5 5. a3 a6 6. Nc3 e6 7. Nh3 Be7 8. Bd3 Nf6
9. Ne2 Bd7 10. c3 Bf8 11. Qc2 Bd6 12. Bg5 Qe7 13. Nef4 Bxf4 14. Nxf4 O-O-O 15.
e4 dxe4 16. fxe4 e5 17. Nd5 Qd6 18. Bxf6 Be6 19. Bxh8 Rxh8 20. O-O-O Bxd5 21.
exd5 Qxd5 22. dxe5 Qxe5 23. g3 Kb8 24. Rhe1 Qg5+ 25. Qd2 Qf6 26. Rf1 Qg7 27. Qe3
f5 28. Rf2 b6 29. Bxa6 Ka7 30. Bb5 Ne5 31. Qd4 Rh7 32. Qa4+ Kb8 33. Rd8+ Kb7 34.
Qa8# 1-0

[Event "AUTO-ADV-4340"]
[Site "http://www.queenalice.com/game.php?id=1634713"]
[Date "2020.11.29"]
[Round "3"]
[White "jlpbarreto"]
[Black "DanielAlvesGarciaSantosSilva"]
[Result "0-1"]
[WhiteElo "2065"]
[BlackElo "2001"]

1. e4 e5 2. Nf3 f6 3. Nxe5 Qe7 4. Nf3 Qxe4+ 5. Be2 Bc5 6. d4 Bb6 7. O-O Ne7 8.
Bc4 d5 9. Nc3 Qf5 10. Bd3 Qd7 11. Bf4 a6 12. Qd2 Nbc6 13. Ne2 Qg4 14. c3 g5 15.
Bg3 h5 16. h3 Qd7 17. c4 h4 18. Bh2 g4 19. hxg4 Qxg4 20. Qf4 h3 21. Qxg4 Bxg4
22. Bg3 hxg2 23. Kxg2 Bh3+ 24. Kg1 Bxf1 25. Rxf1 O-O-O 26. c5 Ba7 27. a3 Rh5 28.
Kg2 Rdh8 29. b4 Nf5 30. Nf4 Nxg3 31. fxg3 R5h6 32. b5 axb5 33. Bxb5 Kd7 34. Nxd5
Kd8 35. Nf4 Ne7 36. Bd3 c6 37. Rb1 Kc8 38. Bc4 Bb8 39. Be6+ Kc7 40. Re1 R8h7 41.
Bc4 Kd7 42. Ne6 Ke8 43. Bd3 Rf7 44. Rb1 Nd5 45. Re1 Ne7 46. Rb1 Nd5 47. Re1 Kd7
48. Bf5 Re7 49. Kf2 Ke8 50. Ng7+ Kf8 51. Ne6+ Kg8 52. Rb1 Rh8 53. Nd8 Nc3 54.
Re1 Rxe1 55. Nxe1 Rh2+ 56. Ng2 Nb5 57. a4 Nxd4 58. Bd3 Kg7 59. Nxb7 Ba7 60. Bc4
Kh6 61. Kg1 Nf3+ 62. Kf2 Nd2 63. Bd3 Kg5 64. Be2 Ne4+ 65. Kg1 Rh3 66. Bd3 Nxc5
67. Nxc5 Bxc5+ 68. Kf1 Rxg3 69. Be4 f5 70. Bxc6 f4 71. Ne1 Kf6 72. Nf3 Kf5 73.
Bd5 Kf6 74. a5 Ba7 75. a6 Ke7 76. Bb7 Kd6 77. Ke2 Kc5 78. Kf1 Kc4 79. Ne5+ Kb5
80. Nf3 Kb4 81. Be4 Kc3 82. Bb7 Kd3 83. Ba8 Ke3 84. Nh4 Kd2 85. Nf3+ Ke3 86. Nh4
Kd3 87. Nf3 Rh3 88. Kg2 Rh6 89. Bb7 Ke2 90. Nd4+ Bxd4 0-1

[Event "AUTO-ADV-4340"]
[Site "http://www.queenalice.com/game.php?id=1634714"]
[Date "2020.11.29"]
[Round "3"]
[White "DanielAlvesGarciaSantosSilva"]
[Black "jlpbarreto"]
[Result "0-1"]
[WhiteElo "1942"]
[BlackElo "2052"]

1. e4 c5 2. Bc4 e6 3. d3 Nc6 4. c3 Nf6 5. Nf3 d5 6. exd5 exd5 7. Bb5 a6 8. Ba4
Bd6 9. Be3 O-O 10. Nbd2 Bf5 11. Bc2 Qc7 12. h3 Bg6 13. g4 d4 14. cxd4 cxd4 15.
Nxd4 Nxd4 16. Bxd4 Rfe8+ 17. Be3 Bf4 18. Qf3 Bxe3 19. fxe3 Qxc2 20. e4 Rad8 21.
b3 Rxd3 0-1

[Event "Challenge"]
[Site "http://www.queenalice.com/game.php?id=1639624"]
[Date "2021.1.12"]
[Round "-"]
[White "DanielAlvesGarciaSantosSilva"]
[Black "Donyelko"]
[Result "0-1"]
[WhiteElo "1930"]
[BlackElo "1983"]

1. d4 d5 2. Bf4 c5 3. c3 e6 4. e3 c4 5. b3 b5 6. Nf3 Nf6 7. a4 Qb6 8. axb5 Qxb5
9. b4 Nc6 10. Be2 Be7 11. Na3 Qb6 12. Ne5 Nxb4 13. cxb4 Bxb4+ 14. Kf1 O-O 15.
Nc2 Be7 16. Bg5 Re8 17. Bxf6 Bxf6 18. Bh5 Bxe5 19. dxe5 g6 20. Bg4 Qb2 21. Nd4
Bd7 22. h4 h5 23. Be2 a5 24. f4 Qc3 25. Kf2 a4 26. Nc2 Reb8 27. Rb1 Rb3 28. g4
hxg4 29. Bxg4 a3 30. Be2 Rb2 31. Rc1 Ba4 32. Nd4 Bxd1 33. Rxc3 Bxe2 34. Nxe2 a2
35. Rcc1 c3 36. Kf3 c2 37. Nd4 Kg7 38. Ke2 a1=Q 39. Rxa1 Rxa1 40. Rxa1 c1=Q+ 0-1

[Event "Challenge"]
[Site "http://www.queenalice.com/game.php?id=1645134"]
[Date "2021.2.28"]
[Round "-"]
[White "DanielAlvesGarciaSantosSilva"]
[Black "Wecker"]
[Result "1-0"]
[WhiteElo "1927"]
[BlackElo "1907"]

1. e4 e5 2. Bc4 Nf6 3. d3 Bc5 4. h3 O-O 5. Nf3 d6 6. Bg5 Be6 7. Nbd2 Nbd7 8. c3
c6 9. Qb3 d5 10. exd5 cxd5 11. Bb5 e4 12. dxe4 dxe4 13. Bxf6 Nxf6 14. Bc4 exf3
15. Nxf3 Bxc4 16. Qxc4 Qb6 17. O-O Rac8 18. Qe2 Rfe8 19. Qc2 Ne4 20. Rae1 f5 21.
Nh4 Ng3 22. Rxe8+ Rxe8 23. Rd1 Bxf2+ 24. Qxf2 Ne2+ 25. Kf1 Qxf2+ 26. Kxf2 g6 27.
Re1 1-0

[Event "Challenge"]
[Site "http://www.queenalice.com/game.php?id=1645135"]
[Date "2021.2.28"]
[Round "-"]
[White "DanielAlvesGarciaSantosSilva"]
[Black "uschmidi"]
[Result "1-0"]
[WhiteElo "1906"]
[BlackElo "2038"]

1. e4 c5 2. Bc4 e6 3. Qf3 Nc6 4. c3 Ne5 5. Qe2 Nf6 6. Bb3 Qc7 7. d3 d5 8. Bf4
Bd6 9. Bg5 Ned7 10. f4 Bxf4 11. Bxf4 Qxf4 12. Nd2 Ne5 13. Ngf3 Nxf3+ 14. gxf3
Qh4+ 15. Qf2 Qxf2+ 16. Kxf2 O-O 17. Ba4 a6 18. Rag1 b5 19. Bc2 dxe4 20. dxe4 Bb7
21. Rg5 Rad8 22. Ke2 g6 23. Rxc5 Nh5 24. Ke3 Rd7 25. Rg1 Kh8 26. Rcg5 f6 27.
R5g2 f5 28. Rg5 fxe4 29. Nxe4 Nf4 30. R5g4 Nd5+ 31. Kf2 Nb6 32. Ke2 Nc4 33. b3
Ne5 34. R4g3 Bd5 35. Rh3 Rdf7 36. Rgg3 Kg7 37. Ng5 Rf4 38. Be4 Re8 39. Rxh7+ Kg8
40. Rgh3 Bxe4 41. Rh8+ Kg7 42. Rxe8 Bf5 43. Rh7+ Kf6 44. h4 Rxh4 45. Rxh4 Kxg5
46. Reh8 1-0

[Event "Challenge"]
[Site "http://www.queenalice.com/game.php?id=1645136"]
[Date "2021.2.28"]
[Round "-"]
[White "DanielAlvesGarciaSantosSilva"]
[Black "pizzaiolo72"]
[Result "0-1"]
[WhiteElo "1916"]
[BlackElo "2078"]

1. e4 Nf6 2. d3 e5 3. h3 d5 4. exd5 Nxd5 5. c3 c5 6. Nf3 Nc6 7. Nbd2 g6 8. Ne4
Bf5 9. Qa4 Nb6 10. Qb3 Be6 11. Qc2 Bg7 12. Nxc5 Qc8 13. Be3 O-O 14. Qd2 Nd5 15.
Bh6 b6 16. Ne4 f5 17. Bxg7 Kxg7 18. Neg5 h6 19. Nxe6+ Qxe6 20. O-O-O Rac8 21.
Kb1 Rfd8 22. Nh2 Nf6 23. Qe3 f4 24. Qf3 Rd5 25. d4 Rdd8 26. dxe5 Rxd1+ 27. Qxd1
Qxe5 28. Ng4 Nxg4 29. hxg4 Rd8 30. Qf3 Qe1+ 31. Kc2 Rd2+ 32. Kb3 Qe6+ 33. Ka3
Qd6+ 34. b4 a5 35. Qe4 axb4+ 36. cxb4 Rd4 37. Qe1 Rxb4 0-1

[Event "Challenge"]
[Site "http://www.queenalice.com/game.php?id=1645137"]
[Date "2021.2.28"]
[Round "-"]
[White "DanielAlvesGarciaSantosSilva"]
[Black "attachui"]
[Result "1-0"]
[WhiteElo "1970"]
[BlackElo "2050"]

1. e4 c5 2. Bc4 e6 3. d3 Nc6 4. c3 Nf6 5. Nf3 a6 6. Be3 b5 7. Bb3 Bb7 8. Nbd2 d5
9. exd5 Nxd5 10. Bg5 Be7 11. Bxe7 Ncxe7 12. Ne5 Nf4 13. Ne4 c4 14. dxc4 Bxe4 15.
Qxd8+ Rxd8 16. f3 Bb7 17. O-O 1-0

[Event "Challenge"]
[Site "http://www.queenalice.com/game.php?id=1646423"]
[Date "2021.3.12"]
[Round "-"]
[White "DanielAlvesGarciaSantosSilva"]
[Black "Eggchaser"]
[Result "1-0"]
[WhiteElo "1942"]
[BlackElo "1924"]

1. g4 d5 2. Bg2 Bxg4 3. c4 d4 4. Bxb7 Nd7 5. Bxa8 Qxa8 6. f3 d3 7. exd3 Ne5 8.
Kf2 Nxd3+ 9. Ke3 Nxc1 10. Qxc1 e5 11. c5 Qc6 12. Nc3 Bxc5+ 13. Ke2 Nf6 14. Qf1
O-O 15. Rc1 Re8 16. Nd1 Qe4+ 17. Ne3 Bxe3 18. dxe3 Nd5 19. Qf2 Re6 20. Nh3 1-0

[Event "Cabra - 1421"]
[Site "http://www.queenalice.com/game.php?id=1646427"]
[Date "2021.3.18"]
[Round "-"]
[White "DanielAlvesGarciaSantosSilva"]
[Black "zubarev"]
[Result "1-0"]
[WhiteElo "1956"]
[BlackElo "1738"]

1. e4 e5 2. Bc4 Be7 3. Qh5 g6 4. Qxe5 Nf6 5. d3 O-O 6. Bh6 Re8 7. g4 d6 8. Qf4
Bf8 9. h3 Nc6 10. c3 Ne5 11. Bg5 Be7 12. Nd2 Nfd7 13. Ngf3 Nxf3+ 14. Nxf3 Rf8
15. Bh6 Ne5 16. Bxf8 Nxf3+ 17. Qxf3 Qxf8 18. h4 c6 19. h5 Be6 20. Bxe6 fxe6 21.
Qxf8+ Rxf8 22. hxg6 hxg6 23. Ke2 Bg5 24. Rh3 Bf6 25. Rah1 Kf7 26. Rf3 Ke7 27.
Rh7+ Ke8 28. Rxb7 Rf7 29. Rb8+ Ke7 30. Rb7+ Ke8 31. Rxf7 Kxf7 32. g5 Ke7 33.
gxf6+ 1-0

[Event "Challenge"]
[Site "http://www.queenalice.com/game.php?id=1646495"]
[Date "2021.3.13"]
[Round "-"]
[White "pizzaiolo72"]
[Black "DanielAlvesGarciaSantosSilva"]
[Result "1-0"]
[WhiteElo "2110"]
[BlackElo "1957"]

1. e4 e5 2. f4 f6 3. Nf3 d6 4. Bc4 Ne7 5. O-O Bg4 6. h3 Bh5 7. d4 c6 8. dxe5
fxe5 9. fxe5 d5 10. exd5 cxd5 11. Bb5+ Nbc6 12. Nc3 Kf7 13. Nh4+ Kg8 14. Qxh5 g6
15. Qe2 Nc8 16. Nf3 Qb6+ 17. Be3 Bc5 18. Nxd5 Bxe3+ 19. Nxe3 N8e7 20. Qc4+ Kg7
21. Rae1 Nf5 22. e6 Nxe3 23. Qc3+ Kg8 24. Qxe3 Qxb5 25. e7 Kg7 26. Qc3+ Kh6 27.
Re4 g5 28. Qf6+ Kh5 29. g4# 1-0

[Event "Challenge"]
[Site "http://www.queenalice.com/game.php?id=1646728"]
[Date "2021.3.15"]
[Round "-"]
[White "DanielAlvesGarciaSantosSilva"]
[Black "holandes"]
[Result "0-1"]
[WhiteElo "1968"]
[BlackElo "1788"]

1. g4 d5 2. Bg2 Bxg4 3. c4 c6 4. Qa4 Be6 5. d3 Nf6 6. cxd5 Nxd5 7. Nf3 f6 8. Nd4
Bd7 9. Qb3 Nb6 10. Nc3 e5 11. Ne6 Bxe6 12. Qd1 Bb4 13. Bd2 O-O 14. a3 Bxc3 15.
Bxc3 N8d7 16. Qd2 Bd5 17. e4 Bf7 18. h4 Nc5 19. Qc2 Nxd3+ 20. Kf1 Bc4 21. Kg1
Nc8 22. Rd1 f5 23. exf5 Rxf5 24. Be4 Rxf2 25. Qb1 Qb6 26. Bd4 Qxd4 27. Rxd3 Bxd3
28. Qxd3 Rd2+ 0-1

[Event "Challenge"]
[Site "http://www.queenalice.com/game.php?id=1646884"]
[Date "2021.3.17"]
[Round "-"]
[White "DanielAlvesGarciaSantosSilva"]
[Black "pariolinius"]
[Result "1-0"]
[WhiteElo "2020"]
[BlackElo "1880"]

1. g4 Nc6 2. e4 b6 3. Bc4 e6 4. c3 Bb7 5. d3 Be7 6. Nf3 d5 7. Bb3 Nf6 8. h3 Qd7
9. e5 Ng8 10. Be3 Ba6 11. Na3 Na5 12. Ba4 b5 13. Bc2 Bxa3 14. bxa3 Ne7 15. Nd4
O-O 16. a4 c5 17. Nxb5 Bxb5 18. axb5 Qxb5 19. Rb1 Qc6 20. Ba4 Qc7 21. d4 c4 22.
h4 Rab8 23. Kd2 Rxb1 24. Qxb1 Rb8 25. Qc2 Nc8 26. Qc1 Nb6 27. Bc2 Qe7 28. g5 g6
29. h5 Nd7 30. hxg6 fxg6 31. Rh6 Qf7 32. Qh1 Rb2 33. Kc1 Rxa2 34. Kb1 Ra3 35.
Bc1 Rxc3 36. Bxg6 Qxf2 37. Bxh7+ Kg7 38. Rg6+ Kf7 39. Bg8+ Kxg6 40. Qh7# 1-0

[Event "Challenge"]
[Site "http://www.queenalice.com/game.php?id=1646901"]
[Date "2021.3.17"]
[Round "-"]
[White "DanielAlvesGarciaSantosSilva"]
[Black "Wecker"]
[Result "0-1"]
[WhiteElo "1991"]
[BlackElo "1863"]

1. g4 d5 2. Bg2 Bxg4 3. c4 e6 4. c5 Bxc5 5. Qa4+ Nc6 6. Qxg4 g6 7. d3 Nf6 8. Qh3
Qd6 9. e3 O-O-O 10. a3 Nd7 11. Nc3 f5 12. Nf3 d4 13. exd4 Nxd4 14. Nxd4 Qxd4 15.
Qf3 c6 16. Be3 Qxd3 17. Bg5 Ne5 18. Qxd3 Nxd3+ 19. Ke2 Nxf2 20. Rhf1 Ng4 21.
Bxd8 Rxd8 22. h3 Ne3 23. Na4 Nxf1 24. Nxc5 Ng3+ 25. Kf3 Nh5 26. Nxe6 Rd7 27. Ke2
Re7 28. Kf2 Rxe6 29. Rc1 Nf6 30. b4 Ne4+ 31. Kg1 g5 32. Rf1 f4 33. h4 h6 34. Bh3
Kd7 35. Bxe6+ Kxe6 36. hxg5 hxg5 37. Kg2 Kf5 38. Kh3 g4+ 39. Kh4 f3 40. Rg1 f2
0-1

[Event "Challenge"]
[Site "http://www.queenalice.com/game.php?id=1647023"]
[Date "2021.3.18"]
[Round "-"]
[White "DanielAlvesGarciaSantosSilva"]
[Black "pizzaiolo72"]
[Result "1-0"]
[WhiteElo "1963"]
[BlackElo "2119"]

1. e4 Nf6 2. e5 Nd5 3. Bc4 Nb6 4. Bb3 d6 5. d4 dxe5 6. Qh5 e6 7. Qxe5 Nc6 8. Qe4
Na5 9. Nd2 Nxb3 10. Nxb3 Qd5 11. Qxd5 exd5 12. Nf3 Bf5 13. c3 O-O-O 14. O-O Bd6
15. Ng5 Bg6 16. Nd2 h6 17. Ngf3 Rhe8 18. Nh4 Bd3 19. Rd1 Bc2 20. Rf1 g5 21. Nhf3
c5 22. Nb3 cxd4 23. Nbxd4 Bd3 24. Rd1 Be4 25. b3 Bxf3 26. Nxf3 g4 27. Nh4 h5 28.
g3 Be5 29. Rd3 Re6 30. Be3 Kc7 31. Rad1 Red6 32. f4 gxf3 33. Nxf3 f6 34. Re1 Nd7
35. Bxa7 Ra8 36. Bd4 Bxd4+ 37. Nxd4 Ne5 38. Rde3 Rd7 39. a4 Rg8 40. Nf3 Nxf3+
41. Rxf3 h4 42. Kf2 hxg3+ 43. Rxg3 Rh8 44. Rh1 d4 45. cxd4 Rxd4 46. Rf3 Rd2+ 47.
Kg3 Rg8+ 48. Kh3 Rd7 49. Rg3 Rxg3+ 50. hxg3 Rd3 51. Rf1 Rxb3 52. Rxf6 Rb4 53.
Rf4 Rb3 54. Kh4 b5 55. axb5 Rxb5 56. g4 Kd7 57. g5 Rb1 58. g6 Ke8 59. Kg5 Rg1+
60. Kh6 Rh1+ 61. Kg7 Re1 62. Kg8 Rg1 63. g7 Re1 64. Rf6 Re2 65. Kh7 Ke7 66. Rg6
Rh2+ 67. Rh6 Rxh6+ 68. Kxh6 Kf7 69. Kh7 1-0

[Event "Challenge"]
[Site "http://www.queenalice.com/game.php?id=1647490"]
[Date "2021.3.23"]
[Round "-"]
[White "DanielAlvesGarciaSantosSilva"]
[Black "bonow"]
[Result "0-1"]
[WhiteElo "1961"]
[BlackElo "2189"]

1. g4 d5 2. Bg2 c6 3. h3 e5 4. d3 Be7 5. Nf3 Nd7 6. a3 Ngf6 7. Nc3 d4 8. Ne4 O-O
9. c3 Nxe4 10. dxe4 dxc3 11. bxc3 Qc7 12. h4 h6 13. g5 h5 14. Be3 Nb6 15. Bxb6
axb6 16. a4 Rd8 17. Qc2 b5 18. O-O bxa4 19. Rxa4 Rxa4 20. Qxa4 b5 21. Qc2 Be6
22. Kh2 Bc4 23. Bh3 Bc5 24. Bf5 Qe7 25. Rd1 Rxd1 26. Qxd1 Bxf2 27. Kg2 Bb6 0-1

[Event "Challenge"]
[Site "http://www.queenalice.com/game.php?id=1649353"]
[Date "2021.4.11"]
[Round "-"]
[White "DanielAlvesGarciaSantosSilva"]
[Black "dave_j"]
[Result "1-0"]
[WhiteElo "1985"]
[BlackElo "1979"]

1. e4 c5 2. Bc4 e6 3. d3 Nc6 4. c3 a6 5. Nf3 b5 6. Bb3 Be7 7. Be3 h6 8. Nbd2 Nf6
9. h3 Nh7 10. Bc2 d6 11. a3 e5 12. b4 Be6 13. bxc5 dxc5 14. Bb3 Qxd3 15. Bxe6
fxe6 16. Qb3 c4 17. Qb2 Qd8 18. Rd1 Qc7 19. O-O O-O 20. Rfe1 Nd8 21. Nf1 Nf7 22.
Ng3 Nfg5 23. Nh2 Bc5 24. Qc1 Bxe3 25. Qxe3 Nf6 26. h4 Nf7 27. Qe2 Qe7 28. Nh5
Nxh5 29. Qxh5 Qxa3 30. Re3 Rad8 31. Rxd8 Qc1+ 32. Rd1 Qc2 33. Rf1 1-0

[Event "Challenge"]
[Site "http://www.queenalice.com/game.php?id=1649363"]
[Date "2021.4.11"]
[Round "-"]
[White "DanielAlvesGarciaSantosSilva"]
[Black "Esvir"]
[Result "1-0"]
[WhiteElo "1945"]
[BlackElo "1951"]

1. e4 e5 2. Bc4 Nf6 3. d3 h6 4. Nf3 Nc6 5. c3 d5 6. exd5 Nxd5 7. Bb5 Qf6 8. O-O
a6 9. Ba4 b5 10. Bb3 Be6 11. Nbd2 Bc5 12. Ne4 Qe7 13. h3 O-O 14. Bc2 Bb6 15. Ng3
Rad8 16. Qe1 Bc8 17. Qe4 f5 18. Qe2 f4 19. Ne4 Nf6 20. Bd2 Nh5 21. Nh2 Ng3 22.
Nxg3 fxg3 23. Nf3 gxf2+ 24. Kh1 Bb7 25. Be3 Bxe3 26. Qxe3 Rf6 27. Rxf2 Rdf8 28.
Bb3+ Kh7 29. Qe4+ g6 30. Nh4 Nd8 31. Qg4 Qg7 32. Re2 Rf4 33. Qg3 g5 34. Nf3 R8f5
35. Bc2 Bxf3 36. gxf3 Rxf3 37. Qg2 R5f4 38. d4+ Kh8 39. Be4 Rxh3+ 40. Qxh3 Rh4
41. Qxh4 gxh4 42. Rg1 Qf6 43. Reg2 1-0

[Event "AUTO-ADV-4345"]
[Site "http://www.queenalice.com/game.php?id=1684013"]
[Date "2021.4.25"]
[Round "2"]
[White "jlpbarreto"]
[Black "DanielAlvesGarciaSantosSilva"]
[Result "1-0"]
[WhiteElo "2052"]
[BlackElo "2005"]

1. e4 e5 2. Nf3 d6 3. Bc4 Nf6 4. d4 Nxe4 5. dxe5 dxe5 6. Qxd8+ Kxd8 7. Nxe5 Bb4+
8. c3 Re8 9. Nxf7+ Kd7 10. O-O Bd6 11. Ng5 Nxg5 12. Bxg5 Nc6 13. Nd2 Ne5 14. Bb3
h6 15. Bh4 g5 16. Bg3 b6 17. Rad1 c6 18. Ne4 Ba6 19. Nxd6 Bxf1 20. Nxe8+ Kxe8
21. Kxf1 1-0

[Event "AUTO-ADV-4345"]
[Site "http://www.queenalice.com/game.php?id=1684014"]
[Date "2021.4.25"]
[Round "2"]
[White "DanielAlvesGarciaSantosSilva"]
[Black "jlpbarreto"]
[Result "0-1"]
[WhiteElo "1954"]
[BlackElo "2066"]

1. e4 e6 2. Bb5 c6 3. Ba4 d5 4. f3 dxe4 5. fxe4 Qh4+ 6. Kf1 Qxe4 7. Nc3 Qf4+ 8.
Nf3 Nf6 9. d3 Qc7 10. g3 Bd6 11. Qe1 O-O 12. Bg5 Nbd7 13. Bb3 b5 14. Bh4 a5 15.
a3 h6 16. Bxf6 Nxf6 17. Ne4 Be7 18. Rd1 a4 19. Ba2 Bb7 20. Rg1 Rad8 21. c3 c5
22. Bb1 Rd7 23. Kf2 Rfd8 24. Nxf6+ Bxf6 25. Qe2 Rd6 26. Rc1 Qb6 27. Qc2 Qc6 28.
Qe2 Qb6 29. Rge1 c4+ 30. d4 Qa7 31. Ne5 Bxe5 32. Qxe5 Rd5 33. Qe2 Bc8 34. Qc2 f5
35. Re3 Qf7 36. Kg1 Re8 37. g4 g6 38. Rf1 Qg7 39. gxf5 Rf8 40. fxg6 Rg5+ 41. Rg3
Rxf1+ 42. Kxf1 Rxg3 43. hxg3 Qf6+ 0-1

[Event "AUTO-ADV-4345"]
[Site "http://www.queenalice.com/game.php?id=1684015"]
[Date "2021.4.25"]
[Round "2"]
[White "avieytoa"]
[Black "DanielAlvesGarciaSantosSilva"]
[Result "1-0"]
[WhiteElo "1804"]
[BlackElo "2030"]

1. e4 e5 2. Nf3 d6 3. Bc4 h6 4. Nc3 c6 5. h3 Nf6 6. a3 Nbd7 7. d3 Be7 8. b4 b5
9. Bb3 Nb6 10. Bd2 Nh5 11. Nxe5 dxe5 12. Qxh5 g6 13. Qxe5 f6 14. Qg3 g5 15.
O-O-O Bd6 16. Qf3 a5 17. Qh5+ Kd7 18. Qf7+ Be7 19. Nxb5 cxb5 20. bxa5 Na4 21.
Qd5+ Bd6 22. Qxa8 1-0

[Event "AUTO-ADV-4345"]
[Site "http://www.queenalice.com/game.php?id=1684016"]
[Date "2021.4.25"]
[Round "2"]
[White "DanielAlvesGarciaSantosSilva"]
[Black "avieytoa"]
[Result "0-1"]
[WhiteElo "1989"]
[BlackElo "1872"]

1. e4 e5 2. Bc4 Nf6 3. d3 Bb4+ 4. c3 Ba5 5. Nf3 Nc6 6. Ng5 O-O 7. Be3 h6 8. Nf3
d5 9. exd5 Nxd5 10. Bd2 a6 11. Qb3 Nf4 12. Bxf4 exf4 13. O-O Bb6 14. Nh4 Qxh4
15. Nd2 Na5 16. Qa4 Nxc4 17. Qxc4 Qg5 18. Rae1 Bh3 19. Qe4 Rfe8 20. Qf3 Rxe1 21.
Rxe1 Bg4 22. Qxb7 Rd8 23. Ne4 Qg6 0-1